000 00683nam a22002173a 4500
005 20220622063516.0
008 010531s1995 mx fr 000 0 spa d
020 _a9681647122
035 _aUPN01000116443
049 _aI
050 4 _aPZ10.3
_bS5.68 1995
100 1 _aShaw, Elizabeth,
_d1920-1992
245 1 3 _aLa ovejita negra /
_cElizabeth Shaw ; tr. de Cecilia Olivares Mansury.
250 _a2a ed.
260 _aMéxico :
_bFCE,
_c1995.
300 _a52 p. :
_bil.
440 0 _aA la orilla del viento.
_pPara los que están aprendiendo a leer ;
_v36
650 4 _aCUENTOS INFANTILES IRLANDESES
_913037
650 0 _aAnimales
_vCuentos y leyendas
_9234
905 _aInfantil
999 _c89180
_d89180